[Event "GER-ch Youth-C"]
[Site "Willingen"]
[Date "2022.06.08"]
[Round "5"]
[White "Hess, Maxim"]
[Black "Ollhoff, Hannes"]
[Result "0-1"]
[WhiteElo "1146"]
[BlackElo "1235"]
[PlyCount "48"]
[EventDate "2022.06.04"]
[EventType "swiss"]
[EventRounds "9"]
[EventCountry "GER"]
[SourceTitle "CBM 208 Extra"]
[Source "ChessBase"]
[SourceDate "2022.07.31"]
[SourceVersion "1"]
[SourceVersionDate "2022.07.31"]
[SourceQuality "1"]

1. d4 d5 2. e3 e6 3. Bd3 Bd6 4. Nf3 Nf6 5. b3 c5 6. 0-0 0-0 7. Bb2 Nc6 8. Nbd2 b6 9. a3 Bb7 10. Ne5 Rc8 11. f4 Qc7 12. Qf3 Ne7 13. g4 Ng6 14. Kf2 c4 15. Bxg6 hxg6 16. c3 b5 17. Ke2 Ne4 18. b4 a5 19. h4 axb4 20. axb4 Bxb4 21. cxb4 Nxd2 22. Kxd2 c3+ 23. Bxc3 Qxc3+ 24. Ke2 Qb2+ 0-1

[Event "GER-ch Youth-C"]
[Site "Willingen"]
[Date "2022.06.07"]
[Round "4"]
[White "Ollhoff, Hannes"]
[Black "Hildebrand, Azat"]
[Result "1-0"]
[WhiteElo "1235"]
[BlackElo "1190"]
[PlyCount "47"]
[EventDate "2022.06.04"]
[EventType "swiss"]
[EventRounds "9"]
[EventCountry "GER"]
[SourceTitle "CBM 208 Extra"]
[Source "ChessBase"]
[SourceDate "2022.07.31"]
[SourceVersion "1"]
[SourceVersionDate "2022.07.31"]
[SourceQuality "1"]

1. d4 Nf6 2. c4 e6 3. Nc3 Bb4 4. Qc2 0-0 5. a3 Bxc3+ 6. Qxc3 d5 7. Bg5 b6 8. cxd5 exd5 9. e3 Nbd7 10. Nf3 c5 11. Bd3 Bb7 12. 0-0 Rc8 13. Qd2 Re8 14. Rac1 h6 15. Bh4 Qe7 16. Bf5 Rc7 17. Bg3 Rc6 18. Ne5 Nxe5 19. Bxe5 Nd7 20. Bf4 Rf6 21. Bb1 c4 22. Qc2 b5 23. Qh7+ Kf8 24. Qh8# 1-0

[Event "GER-ch Youth-C"]
[Site "Willingen"]
[Date "2022.06.05"]
[Round "1"]
[White "Wolf, Adam"]
[Black "Ollhoff, Hannes"]
[Result "0-1"]
[WhiteElo "926"]
[BlackElo "1235"]
[PlyCount "72"]
[EventDate "2022.06.04"]
[EventType "swiss"]
[EventRounds "9"]
[EventCountry "GER"]
[SourceTitle "CBM 208 Extra"]
[Source "ChessBase"]
[SourceDate "2022.07.31"]
[SourceVersion "1"]
[SourceVersionDate "2022.07.31"]
[SourceQuality "1"]

1. e4 e6 2. d4 d5 3. exd5 exd5 4. Nc3 Nf6 5. Nf3 c6 6. Bd3 Bd6 7. 0-0 0-0 8. Bg5 Bg4 9. h3 Bh5 10. Be2 Nbd7 11. Re1 Qc7 12. Ne5 Bxe2 13. Rxe2 Nxe5 14. dxe5 Bxe5 15. Qd2 Bxc3 16. Qxc3 Ne4 17. Qe3 Rfe8 18. Rae1 Re6 19. Qf4 Qb6 20. b3 Rae8 21. Re3 Qc5 22. R1e2 h6 23. Rf3 Nxg5 24. Rfe3 Rxe3 25. Rxe3 Rxe3 26. Qxe3 Qxe3 27. fxe3 Ne4 28. Kf1 Kf8 29. a4 Ke7 30. Ke2 Ke6 31. Kf3 Kf5 32. h4 h5 33. g3 f6 34. Kg2 Kg4 35. c4 dxc4 36. bxc4 Nxg3 0-1